000 00990nam a2200289Ia 4500
003 OSt
005 20221007122344.0
006 a|||||r|||| 00| 0
007 ta
008 221006b |||||||| |||| 00| 0 eng d
020 _a9781402082672 (hbd)
024 _a82819
037 _b294, 12/12/2008, Ashutosh Technical Books
_cTextbook
040 _aPAPL
_cPAPL
_beng
041 _2eng
_aeng
082 _aG11:(C), P8 Carpa
100 _aRaicu Valerica
_9444845
245 0 _aIntegrated molecular and cellular biophysics
_b Popescu Aurel
260 _aBerlin
_bSpringer
_c2008
300 _ax, 250p.
_ccm.
500 _aAppendices 227-229p.; Includes bibliographical references.; Index 231-250p.
650 _a Cellular biophysics
_9444846
650 _aPhysics
700 _a Popescu Aurel
_9444847
942 _hG11:(C), P8 Carpa
_cTB
_2CC
999 _c1210214
_d1210214